Anuario de derecho público 2015
Gorde:
| Erakunde egilea: | |
|---|---|
| Formatua: | Liburua |
| Hizkuntza: | gaztelania |
| Argitaratua: |
Santiago
Universidad Diego Portales
2015
|
| Edizioa: | 1a. ed |
| Gaiak: | |
| Sarrera elektronikoa: | Disponible Online - Desde Derecho UDP |
| Etiketak: |
Etiketa erantsi
Etiketarik gabe, Izan zaitez lehena erregistro honi etiketa jartzen!
|
MARC
| LEADER | 00000cam a2200000 a 4500 | ||
|---|---|---|---|
| 001 | UCD3001 | ||
| 003 | CL-VaPUC | ||
| 005 | 20250414150552.0 | ||
| 008 | 160520e20150000cl |||||||||||||||||spa|d | ||
| 999 | |c 364110 |d 364108 | ||
| 020 | |a 9789563143379 | ||
| 040 | |c Pontificia Universidad Católica de Valparaíso | ||
| 082 | 0 | 4 | |a 342.83066 |b UNI |2 21 |
| 110 | 2 | |a Universidad Diego Portales |e author |9 586395 | |
| 245 | 1 | 0 | |a Anuario de derecho público 2015 |
| 250 | |a 1a. ed | ||
| 260 | |a Santiago |b Universidad Diego Portales |c 2015 | ||
| 300 | |a 596 p | ||
| 505 | |a SECCIÓN DERECHO CONSTITUCIONAL CONTRAPUNTO SOBRE EL “ACUERDO DE UNIÓN CIVIL” El Acuerdo de Unión Civil: La respuesta legal para las uniones de hecho en Chile / Susan Turner Saelzer El Acuerdo de Unión Civil. Un error hecho ley / María Sara Rodríguez OTROS DESARROLLOS RELEVANTES EN EL DERECHO CONSTITUCIONAL La gran reforma electoral de 2015: Notas desde la Ciencia Política y el Derecho Constitucional / Patricio Zapata Larraín ¿Año de incertezas? Indicios de potencial inestabilidad en la jurisprudencia del Tribunal Constitucional durante el 2014 / Jorge Correa Sutil y María Soledad Molina La constitucionalidad de la reforma tributaria / Francisco Saffie G. El terrorismo ante del Derecho Penal: La propuesta legislativa del Gobierno como retroceso / Juan Pablo Mañalich R. La Ley Zamudio en acción: Sentencias de primera instancia sobre acción antidiscriminación emitidas entre diciembre de 2012 y marzo de 2015 / Fernando Muñoz León Huelga como derecho fundamental: Notas a propósito de unas sentencias / José Luis Ugarte Cataldo El veto presidencial y el Tribunal Constitucional / Sebastián Soto Velasco Comentario a la Sentencia del Tribunal Constitucional Rol 2731-2014 (control preventivo al proyecto de ley que crea el administrador provisional) / Constanza Salgado Muñoz El Tribunal Constitucional y la homosexualidad: Análisis de las sentencias roles 2435 y 2681, a la luz de su jurisprudencia anterior sobre discriminación por orientación sexual / Tomás Vial Solar y Sebastián Del Pino Rubio SECCIÓN DERECHO ADMINISTRATIVO El proceso de descentralización territorial del Estado de Chile: Un largo camino sin horizonte claro a la vista / Juan Carlos Ferrada Bórquez La ejecutoriedad de las sanciones administrativas, a propósito de la sentencia /de la Corte Suprema en el ‘Caso Mackenna’ / Raúl Letelier Wartenberg Criterios de revisión de la Corte Suprema ante las decisiones de los Tribunales Ambientales que son objeto de casación / Tomás Darricades S., Dominique Hervé E. y Emanuel Ibarra S. El poder de la Administración del Estado para planificar las ciudades: Reposición de las declaratorias de utilidad pública en la Ley General de Urbanismo y Construcciones / Pablo Soto Delgado SECCIÓN DERECHO INTERNACIONAL Reflexiones sobre la relación bilateral. La demanda de Bolivia contra Chile /Eduardo Rodríguez Guarachi Norín Catrimán y Otros: Comentario a la sentencia de la Corte Interamericana de Derechos Humanos / Jorge Contesse Singh Argentina y la guerra entre jueces y gobierno / Marcelo Alegre Comentario a la sentencia “Personas Dominicanas y Haitianas Expulsadas vs República Dominicana”, de la Corte Interamericana de Derechos Humanos / Francisco Zúñiga Urbina Revisión de la jurisprudencia de la Gran Sala del Tribunal Europeo de Derechos Humanos en 2014 / Cristián Apiolaza, Marcela Díaz, Vicente Martínez y Judith Schönsteiner | ||
| 583 | |a last modification |c 20160520 11:34:00 |k Rodrigo Vera | ||
| 650 | 0 | |a Derecho público chileno |9 490549 | |
| 650 | 0 | |a Derecho administrativo |9 254851 | |
| 650 | 0 | |a Procedimiento administrativo |9 256132 | |
| 650 | 0 | |a Jurisprudencia |9 255952 | |
| 856 | |u https://derecho.udp.cl/cms/wp-content/uploads/2020/06/Anuario-Derecho-Publico-2015.pdf |y Disponible Online - Desde Derecho UDP | ||
| 942 | |c BK |2 ddc | ||
| 945 | |d 20160520 11:34:00 |a arojas | ||
| 952 | |0 0 |1 0 |3 erb |4 0 |6 342_830660000000000_UNI_2015 |7 0 |8 A |9 477031 |a BIBDER |b BIBDER |i 5287197 |o 342.83066 UNI 2015 |p 5287197 |r 2023-01-25 |w 2019-11-24 |y BK |z Catalogado en:20160520 |k DER | ||